|
|
|
|
| LEADER |
02026nam a2200565 a 4500 |
| 001 |
nkc20061696256 |
| 003 |
CZ PrNK |
| 005 |
20120120104342.0 |
| 007 |
ta |
| 008 |
061106s2006 xr e e 000 0 cze |
| 015 |
|
|
|a cnb001696256
|
| 020 |
|
|
|a 80-7201-634-2
|q (brož.)
|
| 035 |
|
|
|a (OCoLC)124089101
|
| 040 |
|
|
|a OLA001
|b cze
|
| 041 |
0 |
|
|a cze
|a lat
|
| 072 |
|
7 |
|a 34
|x Právo
|2 Konspekt
|9 16
|
| 072 |
|
7 |
|a 81
|x Lingvistika. Jazyky
|2 Konspekt
|9 11
|
| 080 |
|
|
|a 34
|2 MRF
|
| 080 |
|
|
|a 811.124
|2 MRF
|
| 080 |
|
|
|a 811.162.3
|2 MRF
|
| 080 |
|
|
|a 81'373.46
|2 MRF
|
| 080 |
|
|
|a 81'374.8-022.215
|2 MRF
|
| 080 |
|
|
|a (038)81
|2 MRF
|
| 080 |
|
|
|a (038.072)
|2 MRF
|
| 100 |
1 |
|
|a Klang, Miloš,
|d 1924-
|7 xx0002771
|4 aut
|
| 245 |
1 |
0 |
|a Malá encyklopedie latiny v právu :
|b slova, slovní obraty a úsloví z latiny pro právníky /
|c Miloš Klang
|
| 246 |
3 |
0 |
|a Slova, slovní obraty a úsloví z latiny pro právníky
|
| 250 |
|
|
|a 5., dopl. vyd.
|
| 260 |
|
|
|a Praha :
|b Linde,
|c 2006
|
| 300 |
|
|
|a 181 s. ;
|c 15 cm
|
| 650 |
0 |
7 |
|a právo
|7 ph115914
|2 czenas
|
| 650 |
0 |
7 |
|a latina
|7 ph122187
|2 czenas
|
| 650 |
0 |
7 |
|a čeština
|7 ph135292
|2 czenas
|
| 650 |
0 |
7 |
|a oborová terminologie
|7 ph138998
|2 czenas
|
| 650 |
0 |
9 |
|a law
|2 eczenas
|
| 650 |
0 |
9 |
|a Latin language
|2 eczenas
|
| 650 |
0 |
9 |
|a Czech language
|2 eczenas
|
| 650 |
0 |
9 |
|a terminology (professional)
|2 eczenas
|
| 655 |
|
7 |
|a dvojjazyčné překladové slovníky
|7 fd208746
|2 czenas
|
| 655 |
|
7 |
|a terminologické slovníky
|7 fd202538
|2 czenas
|
| 655 |
|
7 |
|a výkladové slovníky
|7 fd133855
|2 czenas
|
| 655 |
|
9 |
|a bilingual translation dictionaries
|2 eczenas
|
| 655 |
|
9 |
|a terminological dictionaries
|2 eczenas
|
| 655 |
|
9 |
|a explanatory dictionaries
|2 eczenas
|
| 856 |
4 |
1 |
|u http://www.digitalniknihovna.cz/mzk/uuid/uuid:ec765a00-d861-11ed-b3f4-005056827e51
|y Digitalizovaný dokument
|x NDK
|
| 910 |
2 |
|
|a BOA001
|b 1-1178.866
|
| 990 |
|
|
|a BK
|
| 995 |
|
|
|a 01
|
| 991 |
|
|
|b 200701
|c NOV
|
| 996 |
6 |
|
|b 2610298638
|c 1-1178.866
|l MZK
|r Sklad / do 1 hodiny
|n 6
|p p.v.
|w 000837073
|u 000010
|a 1
|e BOA001
|j MZK50
|s P
|